Statistics for 10 Strongest World Currencies in 2021

Click here to take the quiz!

General Stats

  • This quiz has been taken 83 times
    (75 since last reset)
  • The average score is 9 of 10

Answer Stats

RankUSD ValueCurrencyCurrency CodeCountry% Correct
61.21=1USDEuroEUREuropean Union / Austria / Italy / Belgium / Latvia / Bulgaria / Lithuania / Croatia / Luxembourg / Cyprus / Malta / Czechia / Netherlands / Denmark / Poland / Estonia / Portugal / Finland / Romania / EU / France / Slovakia / Germany / Slovenia / Greece / Spain / Hungary / Sweden / Ireland
100%
51.40=1 USDPound SterlingGBPUnited Kingdom
99%
8.79=1 USDDollarCADCanada
97%
10.78=1 USDDollarAUDAustralia
93%
41.41=1 USDDinarJODJordan
93%
13.31=1 USDDinarKWDKuwait
93%
32.60=1 USDRialOMROman
91%
22.65=1 USDDinarBHDBahrain
86%
71.12=1 USDFrancCHFSwitzerland
81%
9.75=1 USDDollarBNDBrunei
44%

Score Distribution

Percentile by Number Answered

Percent of People with Each Score

Your Score History

You have not taken this quiz since the last reset